000 01275nam a2200337 a 4500
001 000109423
003 CHAP
005 20220329144050.0
008 140428s2013 mx sm |||||||spa d
010 _a105885
011 _a106857
040 _cCHAP
090 _aTesis
100 1 _aBenito Sánchez, Jesús
_9126642
245 1 0 _aDeterminación de resistencia de un biotipo de avena fatua de Hermosillo Sonora a tres herbicidas (pinoxaden, flucarbazone y mesossulfurón+lodosulfurón )
_h[En línea]
_cpor Jesús Benito Sánchez.
260 _aChapingo, Méx. :
_bEl autor,
_c2013.
500 _aPara ver el contenido del material haga clic en la liga
502 _aTesis (Ing. Agr. Esp. en Parasitología Agrícola) -- UACH. Departamento de Parasitología Agrícola
590 _aBATCH-UPD
_b05
_c20141002
_lUCH01
_h0902
590 _aBATCH
_b00
_c20181121
_lUCH01
_h0759
590 _aE5765TAJ
_b05
_c20140428
_lUCH01
_h1111
590 _aE5765TAJ
_b05
_c20140428
_lUCH01
_h1112
650 1 4 _aAvena fatua.
_98557
650 1 4 _aMalas hierbas.
_969996
650 1 4 _aPlantas
_xResistencia a herbicidas.
_988883
856 _a1
_n0000936
856 _aFinding aid
_uhttp://10.13.5.2/tesis/sist109423.pdf
_zTeclea aquí
901 _aBK
942 _cTESIS
942 _n0
999 _c105885
_d105885